| 000 | 00442nam a22001577a 4500 | ||
|---|---|---|---|
| 005 | 20251108164352.0 | ||
| 008 | 250721s1997 xx 000 0 ara d | ||
| 082 | 1 | 4 | _a709.56/جود |
| 100 | 1 | _aجودي، محمد حسين | |
| 245 | 1 | 0 | _aجماليات الفن الإسلامي / |
| 264 | 1 |
_aعمان : _bدار صفاء، _c1997. |
|
| 300 | _a143ص. | ||
| 650 | 1 | 7 | _aالفنون الإسلامية |
| 942 |
_2ddc _cBK |
||
| 999 |
_c10469 _d10469 |
||